Statistics for Countries that are the Source of Refugees

Click here to take the quiz!

General Stats

  • This quiz has been taken 12,397 times
  • The average score is 12 of 20

Answer Stats

# Refugees Country % Correct
3,900,000Syria
98%
370,000Iraq
93%
82,000Iran
86%
2,600,000Afghanistan
85%
320,000Pakistan
77%
660,000Sudan
76%
1,100,000Somalia
72%
620,000South Sudan
67%
520,000D.R. Congo
67%
210,000China
65%
86,000Ethiopia
64%
220,000Myanmar
53%
330,000Eritrea
46%
310,000Vietnam
45%
140,000Mali
45%
79,000Rwanda
41%
240,000Ukraine
39%
410,000Central African Republic
39%
100,000Colombia
28%
120,000Sri Lanka
19%

Score Distribution

Percentile by Number Answered

Percent of People with Each Score

Your Score History

You have not taken this quiz